<?xml version="1.0" encoding="UTF-8"?>
<record
    xmlns:xsi="http://www.w3.org/2001/XMLSchema-instance"
    xsi:schemaLocation="http://www.loc.gov/MARC21/slim http://www.loc.gov/standards/marcxml/schema/MARC21slim.xsd"
    xmlns="http://www.loc.gov/MARC21/slim">

  <leader>02267cam a22003734a 4500</leader>
  <controlfield tag="001">15506098</controlfield>
  <controlfield tag="003">OSt</controlfield>
  <controlfield tag="005">20150504134401.0</controlfield>
  <controlfield tag="008">081029s2014    maua     b    001 0 eng  </controlfield>
  <datafield tag="010" ind1=" " ind2=" ">
    <subfield code="a">  2008047474</subfield>
  </datafield>
  <datafield tag="020" ind1=" " ind2=" ">
    <subfield code="a">9783131714510</subfield>
  </datafield>
  <datafield tag="035" ind1=" " ind2=" ">
    <subfield code="a">(OCoLC)ocn269433005</subfield>
  </datafield>
  <datafield tag="040" ind1=" " ind2=" ">
    <subfield code="a">DNLM/DLC</subfield>
    <subfield code="c">DLC</subfield>
    <subfield code="d">NLM</subfield>
    <subfield code="d">YDXCP</subfield>
    <subfield code="d">C#P</subfield>
    <subfield code="d">DLC</subfield>
  </datafield>
  <datafield tag="041" ind1="1" ind2=" ">
    <subfield code="a">eng</subfield>
    <subfield code="h">dut</subfield>
  </datafield>
  <datafield tag="042" ind1=" " ind2=" ">
    <subfield code="a">pcc</subfield>
  </datafield>
  <datafield tag="050" ind1="0" ind2="0">
    <subfield code="a">RD734</subfield>
    <subfield code="b">.E413 2010</subfield>
  </datafield>
  <datafield tag="082" ind1="0" ind2="0">
    <subfield code="a">616.7075</subfield>
    <subfield code="2">22</subfield>
    <subfield code="b">SJO</subfield>
  </datafield>
  <datafield tag="100" ind1="1" ind2=" ">
    <subfield code="a">Schomacher, Jochen</subfield>
    <subfield code="9">47942</subfield>
  </datafield>
  <datafield tag="245" ind1="1" ind2="0">
    <subfield code="a">Orthopedic manual therapy diagnosis :</subfield>
    <subfield code="b">Assessment and Management /</subfield>
    <subfield code="c">Schomacher, Jochen</subfield>
  </datafield>
  <datafield tag="260" ind1=" " ind2=" ">
    <subfield code="a">New York ;</subfield>
    <subfield code="b">thieme,</subfield>
    <subfield code="c">2014.</subfield>
  </datafield>
  <datafield tag="300" ind1=" " ind2=" ">
    <subfield code="a">xiii, 316 p. :</subfield>
    <subfield code="b">ill. ;</subfield>
    <subfield code="c">29 cm.</subfield>
  </datafield>
  <datafield tag="490" ind1="1" ind2=" ">
    <subfield code="a">Contemporary issues in physical therapy and rehabilitation medicine</subfield>
  </datafield>
  <datafield tag="504" ind1=" " ind2=" ">
    <subfield code="a">Includes bibliographical references (p. 523-539) and index.</subfield>
  </datafield>
  <datafield tag="505" ind1="0" ind2=" ">
    <subfield code="a">Introduction to spinal anatomy -- Introduction to applied biomechanics -- Function and dysfunction of the spine -- Terminology and theories -- Introduction to test psychometric properties -- Examination -- History and examination : general structure and special considerations -- Neurological and neurovascular examination -- Psychological aspects -- Supplementary data, diagnosis, and treatment planning -- History and examination : practical considerations -- Palpatory examination -- Active examination -- Examination of the pelvic region -- Examination of the lumbar spine -- Examination of the thoracic spine -- Examination of the lower and mid-cervical spine -- Examination of the upper cervical spine -- Examination of the temporomandibular joints.</subfield>
  </datafield>
  <datafield tag="650" ind1=" " ind2="0">
    <subfield code="a">Orthopedics</subfield>
    <subfield code="x">Diagnosis.</subfield>
    <subfield code="9">47943</subfield>
  </datafield>
  <datafield tag="650" ind1=" " ind2="0">
    <subfield code="a">Manipulation (Therapeutics)</subfield>
    <subfield code="9">47944</subfield>
  </datafield>
  <datafield tag="650" ind1="1" ind2="2">
    <subfield code="a">Musculoskeletal Diseases</subfield>
    <subfield code="x">diagnosis.</subfield>
    <subfield code="9">47945</subfield>
  </datafield>
  <datafield tag="650" ind1="2" ind2="2">
    <subfield code="a">Manipulation, Orthopedic</subfield>
    <subfield code="x">methods.</subfield>
    <subfield code="9">47946</subfield>
  </datafield>
  <datafield tag="650" ind1="2" ind2="2">
    <subfield code="a">Physical Examination</subfield>
    <subfield code="x">methods.</subfield>
    <subfield code="9">47947</subfield>
  </datafield>
  <datafield tag="830" ind1=" " ind2="0">
    <subfield code="a">Jones and Bartlett's contemporary issues in physical therapy and rehabilitation medicine series.</subfield>
    <subfield code="9">47948</subfield>
  </datafield>
  <datafield tag="906" ind1=" " ind2=" ">
    <subfield code="a">7</subfield>
    <subfield code="b">cbc</subfield>
    <subfield code="c">orignew</subfield>
    <subfield code="d">1</subfield>
    <subfield code="e">ecip</subfield>
    <subfield code="f">20</subfield>
    <subfield code="g">y-gencatlg</subfield>
  </datafield>
  <datafield tag="942" ind1=" " ind2=" ">
    <subfield code="2">ddc</subfield>
    <subfield code="c">BOOK</subfield>
  </datafield>
  <datafield tag="999" ind1=" " ind2=" ">
    <subfield code="c">37158</subfield>
    <subfield code="d">271658</subfield>
  </datafield>
  <datafield tag="952" ind1=" " ind2=" ">
    <subfield code="1">0</subfield>
    <subfield code="2">2015-05-04</subfield>
    <subfield code="4">0</subfield>
    <subfield code="7">0</subfield>
    <subfield code="a">616.7075 SJO</subfield>
    <subfield code="d">2015-05-04</subfield>
    <subfield code="h">CL</subfield>
    <subfield code="i">007500126</subfield>
    <subfield code="m">CL</subfield>
    <subfield code="r">2015-05-04 00:00:00</subfield>
    <subfield code="t">BOOK</subfield>
    <subfield code="w">ddc</subfield>
    <subfield code="y">0</subfield>
  </datafield>
  <datafield tag="952" ind1=" " ind2=" ">
    <subfield code="1">0</subfield>
    <subfield code="2">2015-05-04</subfield>
    <subfield code="4">0</subfield>
    <subfield code="7">0</subfield>
    <subfield code="a">616.7075 SJO</subfield>
    <subfield code="d">2015-05-04</subfield>
    <subfield code="h">CL</subfield>
    <subfield code="i">007500127</subfield>
    <subfield code="m">CL</subfield>
    <subfield code="r">2015-05-04 00:00:00</subfield>
    <subfield code="t">BOOK</subfield>
    <subfield code="w">ddc</subfield>
    <subfield code="y">0</subfield>
  </datafield>
  <datafield tag="952" ind1=" " ind2=" ">
    <subfield code="1">0</subfield>
    <subfield code="2">2015-05-04</subfield>
    <subfield code="4">0</subfield>
    <subfield code="7">0</subfield>
    <subfield code="a">616.7075 SJO</subfield>
    <subfield code="d">2015-05-04</subfield>
    <subfield code="h">SZM</subfield>
    <subfield code="i">007500128</subfield>
    <subfield code="m">SZM</subfield>
    <subfield code="r">2015-05-04 00:00:00</subfield>
    <subfield code="t">BOOK</subfield>
    <subfield code="w">ddc</subfield>
    <subfield code="y">0</subfield>
  </datafield>
  <datafield tag="952" ind1=" " ind2=" ">
    <subfield code="1">0</subfield>
    <subfield code="2">2015-05-04</subfield>
    <subfield code="4">0</subfield>
    <subfield code="7">0</subfield>
    <subfield code="a">616.7075 SJO</subfield>
    <subfield code="d">2015-05-04</subfield>
    <subfield code="h">SZM</subfield>
    <subfield code="i">007500129</subfield>
    <subfield code="m">SZM</subfield>
    <subfield code="r">2015-05-04 00:00:00</subfield>
    <subfield code="t">BOOK</subfield>
    <subfield code="w">ddc</subfield>
    <subfield code="y">0</subfield>
  </datafield>
</record>
